000
00226nam a22000857a 4500
008
160917b xxu||||| |||| 00| 0 eng d
100
_9
623
_a
Purang Y.P
245
_a
Composite Science-VII
260
_a
New Delhi
_b
Arya publication
_c
2007
999
_c
3282
_d
3282